| 000 | 00548nam a22001817a 4500 | ||
|---|---|---|---|
| 999 |
_c41104 _d41104 |
||
| 003 | OSt | ||
| 005 | 20210310141903.0 | ||
| 008 | 210310b ||||| |||| 00| 0 eng d | ||
| 020 | _a9780230394445 | ||
| 040 | _coclc | ||
| 082 |
_a338.90091724 _bTHI/E |
||
| 100 |
_9570 _aThirlwall, A P |
||
| 245 |
_aEconomics Of Development : _bTheory And Evidence / _cA P Thirlwall |
||
| 250 | _a9th Ed. | ||
| 260 |
_aLondon: _bPalgrave Macmillan, _c2011. |
||
| 300 | _a678p | ||
| 942 |
_2ddc _cBK _h338.90091724 _iTHI/E _k338.90091724 _mTHI/E |
||